La situación de Cuba en 1884 : (Record no. 156814)

MARC details
000 -LEADER
campo de control de longitud fija 00773nam a2200181 i 4500
001 - NÚMERO DE CONTROL
campo de control 156814
003 - IDENTIFICADOR DE NÚMERO DE CONTROL
campo de control ES-MaACL
005 - FECHA Y HORA DE LA ÚLTIMA TRANSACCIÓN
campo de control 20231227062555.0
008 - DATOS DE LONGITUD FIJA--INFORMACIÓN GENERAL
campo de control de longitud fija 040805s1884 sp |||| | spa d
100 1# - ENTRADA PRINCIPAL--NOMBRE DE PERSONA
Nombre de persona Labra, Rafael M. de,
Fechas asociadas al nombre 1840-1918
9 (RLIN) 69273
245 13 - MENCIÓN DEL TÍTULO
Título La situación de Cuba en 1884 :
Resto del título discurso pronunciado en la sesión del Congreso de los Diputados de España celebrada en 20 de junio de 1884 /
Mención de responsabilidad, etc. por Rafael M. de Labra.
260 ## - PUBLICACIÓN, DISTRIBUCIÓN, ETC.
Lugar de publicación, distribución, etc. Madrid :
Nombre del editor, distribuidor, etc. [s.n.],
Fecha de publicación, distribución, etc. 1884 (
Fabricante Imp. de Aurelio J. Alaria)
300 ## - DESCRIPCIÓN FÍSICA
Extensión 24 p. ;
Dimensiones 31 cm.
651 #4 - PUNTO DE ACCESO ADICIONAL DE MATERIA--NOMBRE GEOGRÁFICO
Nombre geográfico Cuba-
Subdivisión general Historia-
Subdivisión cronológica 1878-1895.
9 (RLIN) 8095
710 1# - ENTRADA AGREGADA--NOMBRE DE ENTIDAD CORPORATIVA
Nombre de entidad corporativa o nombre de jurisdicción como elemento de entrada España.
Unidad subordinada Cortes Generales.
-- Congreso.
9 (RLIN) 3671
852 ## - LOCALIZACIÓN
Ubicación ES-MaACL
Número de control de estantería T-397-F-1
Nota libre - Enc. hol., falto de cub. original
-- - Enc. en un vol. facticio
Holdings
Estatus retirado Estado de pérdida Estado de daño No para préstamo Colección Biblioteca de origen Biblioteca actual Ubicación en estantería Fecha de adquisición Total de préstamos Signatura topográfica completa Código de barras Visto por última vez Precio de reemplazo Tipo de ítem Koha
        Colección de folletos Biblioteca del Ateneo de Madrid Biblioteca del Ateneo de Madrid Depósito folletos 17/01/2008   T-397-F-1 1164068 23/02/2023 23/02/2023 Folleto